Major-General's Song Lyrics - Statistics

General Stats
  • This quiz has been taken 46 times
  • The average score is 222 of 345
Answer Stats
Answer % Correct
a
100%
am
100%
and
100%
and
100%
I
100%
I
100%
i
100%
Major-General
100%
model
100%
modern
100%
o'
100%
of
100%
of
100%
the
100%
the
100%
The
100%
very
100%
animal
96%
in
96%
know
96%
know
96%
mineral
96%
vegetable
96%
what
96%
what
96%
historical
92%
to
92%
fact
85%
quote
85%
Waterloo
85%
categorical
81%
fights
81%
from
81%
from
81%
King
81%
Marathon
81%
matters
81%
order
81%
can
77%
England
77%
hypotenuse
77%
kings
77%
both
73%
information
73%
square
73%
with
73%
with
73%
at
69%
I've
69%
I've
69%
well
69%
all
65%
equations
65%
facts
65%
lot
65%
news
65%
about
62%
mathematical
62%
acquainted
58%
calculus
58%
cheerful
58%
quadratical
58%
simple
58%
tell
58%
for
54%
for
54%
good
54%
many
54%
short
54%
teeming
54%
theorem
50%
understand
50%
binomial
46%
differential
46%
integral
46%
names
46%
beings
42%
is
42%
is
42%
javelin
42%
rifle
42%
scientific
42%
too
42%
when
42%
my
38%
Pinafore
38%
Sir
38%
tactics
38%
Arthur's
35%
nonsense
35%
nunnery
35%
animalculous
31%
by
31%
Caradoc's
31%
Cuneiform
31%
history
31%
infernal
31%
meant
31%
novice
31%
our
31%
sight
31%
that
31%
then
31%
whistle
31%
you
31%
answer
27%
Babylonic
27%
din
27%
fugue
27%
hard
27%
heard
27%
mauser
27%
more
27%
paradox
27%
pretty
27%
ravelin
27%
taste
27%
acrostics
23%
afore
23%
airs
23%
bill
23%
commissariat
23%
hum
23%
I'm
23%
mythic
23%
strategy
23%
than
23%
uniform
23%
washing
23%
crimes
19%
gee
19%
parabolous
19%
write
19%
Aristophanes
15%
as
15%
chorus
15%
croaking
15%
detail
15%
elegiacs
15%
every
15%
Frogs
15%
Heliogabalus
15%
mamelon
15%
music's
15%
never
15%
peculiarities
15%
say
15%
undoubted
15%
wary
15%
which
15%
better
12%
but
12%
conics
12%
elemental
12%
gunnery
12%
has
12%
have
12%
military
12%
Raphaels
12%
sat
12%
smattering
12%
beginning
8%
Caractacus's
8%
floor
8%
Gerard
8%
precisely
8%
though
8%
you'll
8%
been
4%
brought
4%
century
4%
down
4%
Downs
4%
only
4%
sorties
4%
such
4%
surprises
4%
very model
4%
Zoffanies
4%
adventury
0%
affairs
0%
knowlege
0%
learnt
0%
made
0%
plucky
0%
progress
0%
still
0%
No matching quizzes found
Score Distribution
Percent of People with Each Score
Percentile by Number Answered
Your Score History
You have not taken this quiz